000 00834nam a22002537a 4500
005 20170123162335.0
010 _aA-794612
020 _c150.00
035 _aA-794612
037 _bCen Lib/Ret
040 _aDPL
_bUR
082 _aک
_bع ا ب
100 _aعابدی، رضا علی
_973
245 _aشیر دریا /
_cرضا علی عابدی
246 _aSher dariya /
_bby Raza Ali Abidi
260 _aدہلی
_bایجوکیشنل پبلشنگ ہاؤس
_c1995
270 _bدہلی
_a٣١٠٨، گلی عزیزددیں وکیل کوچہ پنڈت لال کوان
_e110006
300 _a341p.
_c21cm(Hb)
650 _a ادب - اردو
_9123907
650 _a اردو کہانیاں
_9123908
650 _aLiterature -- Urdu
_9123909
650 _aUrdu stories
_9123910
942 _2ddc
_cUR
_hک
_mع ا ب
999 _c108104
_d108104